00382nam a2200145Ia 4500003000400000008004100004020002800045040000800073100002000081245004400101260002300145300000800168365001300176440004700189LDD181029s9999 xx 000 0 und d a9781412901512cP 525.00 cLDD aHamilton, Peter 0aVisual research methodscPeter Hamilton aLondonbSagec2006 a4v. bP 525.00 aSage benchmarks in social research methods